[Event "Bratislava Rintel Memorial"]
[Site "Bratislava"]
[Date "2018.08.31"]
[Round "6"]
[White "Horvathova, Hana"]
[Black "Certik, Jaroslav"]
[Result "1-0"]
[WhiteElo "1298"]
[BlackElo "1000"]
[PlyCount "111"]
[EventDate "2018.08.29"]
[EventType "swiss"]
[EventRounds "7"]
[EventCountry "SVK"]
[SourceTitle "CBM 186 Extra"]
[Source "ChessBase"]
[SourceDate "2018.08.24"]
[SourceVersion "1"]
[SourceVersionDate "2018.08.24"]
[SourceQuality "1"]

1. e4 e5 2. Nf3 Nc6 3. Bb5 Nf6 4. d3 Bc5 5. h3 a6 6. Ba4 h6 7. c3 d5 8. exd5 Qxd5 9. Bb3 Qd6 10. 0-0 0-0 11. Re1 Bf5 12. Be3 Bxd3 13. Bxc5 Qxc5 14. Qxd3 e4 15. Qe3 Qxe3 16. Rxe3 exf3 17. Rxf3 Rfe8 18. Nd2 Rad8 19. Nf1 Na5 20. Ba4 b5 21. Bc2 Re7 22. Re3 Rde8 23. b3 c6 24. Rae1 Nd5 25. Rxe7 Nxe7 26. Ng3 c5 27. Nf5 Nac6 28. c4 bxc4 29. bxc4 g6 30. Nxe7+ Nxe7 31. Ba4 Rd8 32. Rxe7 Rd4 33. Bb3 Kf8 34. Rc7 Ke8 35. Rxc5 Kd7 36. Ra5 Rd6 37. c5 Rf6 38. c6+ Rxc6 39. Ba4 Kc7 40. Bxc6 Kxc6 41. Rxa6+ Kb5 42. Ra7 f5 43. Rh7 h5 44. Rg7 g5 45. Rxg5 h4 46. Rxf5+ Ka4 47. Rf4+ Ka3 48. Rxh4 Kxa2 49. Rb4 Ka3 50. Rb8 Ka4 51. f4 Ka3 52. f5 Ka4 53. f6 Ka5 54. f7 Ka6 55. f8R Ka5 56. Rf1 1-0